|
|
|
|
| LEADER |
00000nab a2200000ua 4500 |
| 001 |
vtls010789317 |
| 003 |
SK-MaSNL |
| 005 |
20260303120257.0 |
| 008 |
230131s1962 xo |||||||||||||||||slo| |
| 035 |
|
|
|a (urnnbn)urn:nbn:sk:snk:ar-a01j21
|
| 035 |
|
|
|a (uuid)c87b5472-9e3f-4633-a790-1c05e1352db3
|
| 035 |
|
|
|a urn:nbn:sk:snk-ab4eme
|
| 040 |
|
|
|a SNKBUCL
|b slo
|c SNKBUCL
|e AACR2
|
| 041 |
0 |
|
|a slo
|
| 044 |
|
|
|a xo
|c SK
|
| 100 |
1 |
|
|a Buffa, Ferdinand,
|d 1926-2012
|4 aut
|9 99943
|
| 245 |
1 |
0 |
|a VÝCHODOSLOVENSKÉ NÁREČIA
|c Ferdinand Buffa
|
| 773 |
0 |
|
|t Vlastivedný časopis : časopis pre vlastivednú prácu, kultúrnu históriu, pamiatky a múzeá
|g Roč. 11, č. 3 (1962), s. 109-114
|
| 954 |
|
|
|a odborná, vedecká literatúra pôvodná (slovenská)
|2 lita
|
| 958 |
|
|
|a OND
|
| 958 |
|
|
|a EUIPO
|
| 958 |
|
|
|a article3
|
| 999 |
|
|
|c 1908563
|d 1910493
|